English orthography, 1668.

Bibliographic Details
Main Author: Price, Owen, -1671
Format: Book
Language:English
Published: Menston : Scolar Press, 1972.
Series:English linguistics, 1500-1800--a collection of facsimile reprints ; no. 314.
Subjects:

MARC

Tag First Indicator Second Indicator Subfields
LEADER 00000cam a2200000 4500
001 in00000213521
005 20151009055048.0
008 721107r19721668enk 00000 eng
010 |a  72192936  
015 |a B*** 
020 |a 0854175520 
035 |a (OCoLC)00759949 
035 |9 AAW9778AM 
040 |a DLC  |c DLC  |d TXA  |d UtOrBLW 
049 |a TXAM  |c [1147057] 
050 0 0 |a PE1142  |b .P7 1668a 
082 0 |a 428.1 
100 1 |a Price, Owen,  |d -1671. 
240 1 0 |a English orthographie 
245 1 0 |a English orthography, 1668. 
264 1 |a Menston :  |b Scolar Press,  |c 1972. 
300 |a 67 pages ;  |c 23 cm. 
336 |a text  |b txt  |2 rdacontent 
337 |a unmediated  |b n  |2 rdamedia 
338 |a volume  |b nc  |2 rdacarrier 
490 1 |a English linguistics, 1500-1800: a collection of facsimile reprints,  |v no. 314 
500 |a "A Scolar Press facsimile." 
500 |a Facsimile of 1st edition, Oxford, Francis Titon, 1668, published under title: English orthographie. 
500 |a Wing P 3395. 
650 0 |a English language  |x Orthography and spelling. 
830 0 |a English linguistics, 1500-1800--a collection of facsimile reprints ;  |v no. 314. 
999 |a MARS 
999 f f |s 759c14f4-4682-3a08-9c54-a7043ae49c33  |i 9ba5fd41-b28d-314b-a8f7-36f6e0177941  |t 0 
952 f f |p ric  |a Texas A&M University  |b Rellis Campus  |c Joint Library Facility  |d Remote Storage  |t 0  |e PE1142 .P7 1668a  |h Library of Congress classification  |i unmediated -- volume  |m A14803589995 
998 f f |a PE1142 .P7 1668a  |t 0  |l Remote Storage